000 00228nam a2200097Ia 4500
008 240331s9999 xx 000 0 und d
082 _bFEM
100 _aMeyers, D.T. ed
245 0 _aFeminist social thought :
_ba reader
942 _cL
999 _c1754
_d1754